World Geography F - Statistics

General Stats
  • This quiz has been taken 80 times
  • The average score is 18 of 25
Answer Stats
Question Answer % Correct
4) Financial hub of Germany Frankfurt
99%
6) Long narrow inlets carved intohigh cliffs all over Norway fjord
97%
12) Remote islands in the SouthAtlantic argued over by the UK and Argentina Falkland islands
96%
9) South Pacific island nation, itscapital is Suva Fiji
96%
15) Home country of the Eiffel Tower,Normandy, Cannes, and Lyon France
96%
10) Highest peak in Japan, Mt ____ Fuji
96%
19) Nordic country, cities include Oulu, Tampereand Helsinki Finland
94%
24) Dutch speaking region of northern Belgium Flanders
90%
25) Capital of the Tuscany region of Italy Florence
90%
2) Capital of Sierra Leone Freetown
90%
16) French overseas nation in South America, its capital is Cayenne French Guiana
83%
22) Capital of the Algarve region of southern Portugal Faro
81%
13) Autonomous Danish islands in theNorth Sea, its capital is Torshavn Faroe islands
79%
3) Large Texas city, shares anairport with its neighbor Dallas Fort Worth
75%
17) Term for impoverished slums acrossBrazilian cities favela
67%
8) 2nd largest city in Alaska Fairbanks
64%
20) Chain of islands south of Miami stretchingover 150 miles to Key West Florida keys
63%
14) Island nation in Oceania, its capital is Palikir Federated States of Micronesia
61%
5) Coastal city in northern Brazil,known for its beaches Fortaleza
58%
1) Capital of Tuvalu Funafuti
57%
18) Group of volcanic islands in theSouth Pacific, including Tahiti and Bora Bora French Polynesia
56%
11) The San Andreas fissure is anexample of this fault line
54%
21) Eastern Canadian bay recording the worldshighest tides Fundy
51%
7) Narrow inlets/estuaries leadingto the sea, common in Scotland firth
36%
23) Battle that took place on Dec 11, 1862 in this Virginia town during the Civil War Fredericksburg
19%
No matching quizzes found
Score Distribution
Percent of People with Each Score
Percentile by Number Answered
Your Score History
You have not taken this quiz